Statistics for All Iann Dior songs

Click here to take the quiz!

General Stats

  • This quiz has been taken 9 times
    (4 since last reset)
  • The average score is 8 of 33

Answer Stats

Iann Dior songs% Correct
18
50%
Crash my whip
50%
Cutthroat
50%
Darkside
50%
Don't want to fall
50%
Emotions
50%
Flowers
50%
Gone girl
50%
Molly
50%
Romance361
50%
Good day
25%
Mood
25%
Mood (Remix)
25%
Never is enough
25%
Paradise
25%
Prospect
25%
Shots in the dark
25%
Sick and tired
25%
Strings
25%
Sun goes down
25%
What is real
25%
Who cares
25%
Drug dealer
0%
Fake love don't last
0%
Happy Endings
0%
Holding on
0%
Let you
0%
Like me
0%
Lost me
0%
Nothing inside
0%
Saddest soundtrack
0%
Tonight
0%
V12
0%

Score Distribution

Percentile by Number Answered

Percent of People with Each Score

Your Score History

You have not taken this quiz since the last reset